MARC

LEADER 00000cam a2200000 7i4500
001 0000001524
005 20010728.0
090 0 0 |a 634.9   |b SEM 1987 
110 1 0 |a SEMINAR on the Future Role of For Plantations in the National Economy and Incentives Required to Encourage Investments in Forest Plantation Development   |k 1987   |j Kota Kinabalu, Sabah 
245 1 0 |a Proceedings of a ...   |c edited by Tang H. T, Pinso C. Marsh C 
260 0 0 |a Kota Kinabalu, Sabah :   |b Sabah Foundation ,   |c 1987 
300 |a 208 p. :   |b ill. ;   |c 22 cm. 
500 0 0 |a Includes bibliographies 
650 0 0 |a Forest management   |x Congresses 
650 0 0 |a Forests and forestry   |x Congresses 
700 0 1 |a Marsh   |h Clive 
700 0 1 |a Pinso   |h Cyril 
700 0 1 |a Tang   |h Hon Tat 
998 |a JPSM 
999 |a 0000002948   |b Monograph   |c Open Shelf   |e Default branch